| 000 | nam a22 4500 | ||
|---|---|---|---|
| 999 |
_c8868 _d8868 |
||
| 008 | 180316b ||||| |||| 00| 0 eng d | ||
| 100 |
_926848 _aAben, Elena L. |
||
| 245 |
_aAngara asks colleagues to supports bill on rural employment/ _cElena L. Aben |
||
| 260 |
_aPhilippines _bManila Bulletin _cc2017 |
||
| 300 | _apage 5. | ||
| 650 | 0 |
_926849 _aEmployment. |
|
| 942 |
_2ddc _cPER |
||